Thermal Engineering : (Record no. 926)

MARC details
000 -LEADER
fixed length control field 00628nac a22001691u 4500
020 ## - INTERNATIONAL STANDARD BOOK NUMBER
International Standard Book Number 8170085829
082 ## - DEWEY DECIMAL CLASSIFICATION NUMBER
Classification number 621.402
Item number R1619
090 ## - LOCALLY ASSIGNED LC-TYPE CALL NUMBER (OCLC); LOCAL CALL NUMBER (OCLC)
-- 926
-- 926
100 ## - MAIN ENTRY--PERSONAL NAME
Personal name Rajput, R. K.
245 ## - TITLE STATEMENT
Title Thermal Engineering :
Remainder of title (including: trmodynamics, heat engines and non-convention) /
Statement of responsibility, etc R.K. Rajput
250 ## - EDITION STATEMENT
Edition statement 4th ed.
260 ## - PUBLICATION, DISTRIBUTION, ETC. (IMPRINT)
Place of publication, distribution, etc Bangalore :
Name of publisher, distributor, etc Laxmi Publications,
Date of publication, distribution, etc 2004
300 ## - PHYSICAL DESCRIPTION
Extent xxxii, 1641 p. :
Other physical details Diagram
Dimensions 25 cm.
650 ## - SUBJECT ADDED ENTRY--TOPICAL TERM
Topical term or geographic name as entry element Heat engineering
942 ## - ADDED ENTRY ELEMENTS (KOHA)
Item type Book - Borrowing
Call number prefix 621.402R1619
Holdings
Withdrawn status Item status Damaged status Not for loan Home library Current library Shelving location Date acquired Source of acquisition Total Checkouts Full call number Barcode Date last seen Date last borrowed Koha item type
        Central Library Central Library First floor 06/08/2010 Purchase 1 621.402 RAJ 000003597 15/07/2025 13/08/2017 Book - Borrowing